01216nac a22003131i 4500003000900000005001700009008004100026020001500067020001800082035002300100040004300123082002000166100005300186245015600239264004700395264001000442300004500452336002600497337002800523338002700551500002400578504005200602650004000654655001700694700004200711942001200753999001500765952012200780EG-ScBUE20250806095210.0250720t2001 enka f b 001 0 eng d a1860941656 a9781860941658 a(OCoLC)ocm48487466 aEG-ScBUEbengerdacEG-ScBUEdEG-ScBUE04a546.41bBAR2221 aBarrett, S. D.q(Stephen David),d1958-eauthor.14aThe structure of rare-earth metal surfaces /cS. D. Barrett, University of Liverpool, UK, S. S. Dhesi, European Synchrotron Radiation Facility, France. 1aLondon : bImperial College Press,c[2001] 4cc2001 axiv, 244 pages :billustrations ;c23 cm 2rdacontentatextbtxt aunmediated2rdamediabn avolumebnc2rdacarrier aIncludes appendix.  aIncludes bibliographical references and index.  7aRare earth metalsxSurfaces.2BUEsh vReading book1 aDhesi, S. S.q(Sarnjeet S.),eauthor. cBB2ddc c5941d5941 00102ddc3 40708AlahramaMAINbMAINc1STd2007-11-08ePurchasel0o546.41 BARp000006989r2025-07-15 00:00:00yBB